000 01263cam a22002174a 4500
005 20250605164248.0
008 250528s ||||||||||||||||||||||||d
035 _a21596
020 _a9789609879422
040 _aGR-AtMCL
_bgre
_dGR-AtMCL
_eAACR2
245 1 _aCOMPASS ΕΓΧΕΙΡΙΔΙΟ ΕΚΠΑΙΔΕΥΣΗΣ ΣΤΑ ΑΝΘΡΩΠΙΝΑ ΔΙΚΑΙΩΜΑΤΑ ΓΙΑ ΝΕΟΥΣ ΚΑΙ ΝΕΕΣ
250 _a1
260 _bΑρσις,
_c2012
300 _a688
505 0 _aΕΙΣΑΓΩΓΗ ΣΤΗΝ ΕΚΠΑΙΔΕΥΣΗ ΣΤΑ ΑΝΘΡΩΠΙΝΑ ΔΙΚΑΙΩΜΑΤΑ ΠΡΟΣΕΓΓΙΣΕΙΣ ΤΗΣ ΕΚΠΑΙΔΕΥΣΗΣ ΣΤΑ ΑΝΘΡΩΠΙΝΑ ΔΙΚΑΙΩΜΑΤΑ ΣΤΟ ΕΓΧΕΙΡΙΔΙΟ COMPASS ΧΡΗΣΗ ΤΟΥ COMPASS ΣΤΗΝ ΕΚΠΑΙΔΕΥΣΗ ΣΤΑ ΑΝΘΡΩΠΙΝΑ ΔΙΚΑΙΩΜΑΤΑ
520 _aΕΙΣΑΓΩΓΗ ΣΤΗΝ ΕΚΠΑΙΔΕΥΣΗ ΣΤΑ ΑΝΘΡΩΠΙΝΑ ΔΙΚΑΙΩΜΑΤΑ ΠΡΟΣΕΓΓΙΣΕΙΣ ΤΗΣ ΕΚΠΑΙΔΕΥΣΗΣ ΣΤΑ ΑΝΘΡΩΠΙΝΑ ΔΙΚΑΙΩΜΑΤΑ ΣΤΟ ΕΓΧΕΙΡΙΔΙΟ COMPASS ΧΡΗΣΗ ΤΟΥ COMPASS ΣΤΗΝ ΕΚΠΑΙΔΕΥΣΗ ΣΤΑ ΑΝΘΡΩΠΙΝΑ ΔΙΚΑΙΩΜΑΤΑ
700 1 _aBrander Patricia
_97554
942 _cBK
999 _c6657
_d6657